000 00792nam a22002657a 4500
001 BR6007154
003 BR-BrBNA
005 20230928083253.0
007 ta
008 230509b bl.||||| |||| 00| 0 por d
040 _aBR-BrBNA
_bpor
_cBiblioteca Nacional de Agricultura
041 _a(Por)
072 _aE50
090 _ E50 BR6007154
100 1 _aSimonini, M.L.
110 1 _aUniversidade Federal de Vicosa, MG (Brasil)
_0Tese (Magister Scientiae)
245 1 _aNiveis habitacionais, aspiracao habitacional e suas relacoes com alguns fatores socio - economicos
260 3 _aVicosa, MG (Brasil):
_c1972.
300 _a78 p.
500 _a32 ref.; Summary (Por)
650 _aHabitacao
650 _aComunidade rural
909 _a202309
_bLucia
_c55
_dLucia Elande
942 _cBK
999 _c12511
_d12511